Анализ процесса довинчивания и нормальных напряжений в резьбовых соединениях буровых штанг при действии крутящего момента и ударных нагрузок; Проблемы геологии и освоения недр; Т. 2
| Parent link: | Проблемы геологии и освоения недр: труды XVIII Международного симпозиума имени академика М. А. Усова студентов и молодых ученых, Томск, 7-11 апреля 2014 г./ Национальный исследовательский Томский политехнический университет (ТПУ), Институт природных ресурсов (ИПР) ; Общество инженеров-нефтяников, международная некоммерческая организация, Студенческий чаптер ; под ред. А. Ю. Дмитриева.— , 2014 Т. 2.— [С. 437-439] |
|---|---|
| প্রধান লেখক: | |
| সংস্থা লেখক: | |
| অন্যান্য লেখক: | |
| সংক্ষিপ্ত: | Заглавие с экрана |
| ভাষা: | রুশ |
| প্রকাশিত: |
|
| মালা: | Горное дело. Разработка рудных и нерудных полезных ископаемых |
| বিষয়গুলি: | |
| অনলাইন ব্যবহার করুন: | http://earchive.tpu.ru/handle/11683/65671 http://www.lib.tpu.ru/fulltext/c/2014/C11/V2/196.pdf |
| বিন্যাস: | বৈদ্যুতিক গ্রন্থের অধ্যায় |
| KOHA link: | https://koha.lib.tpu.ru/cgi-bin/koha/opac-detail.pl?biblionumber=608642 |
MARC
| LEADER | 00000naa2a2200000 4500 | ||
|---|---|---|---|
| 001 | 608642 | ||
| 005 | 20231101132521.0 | ||
| 035 | |a (RuTPU)RU\TPU\conf\6076 | ||
| 035 | |a RU\TPU\conf\6074 | ||
| 090 | |a 608642 | ||
| 100 | |a 20141007d2014 k y0rusy50 ca | ||
| 101 | 0 | |a rus | |
| 102 | |a RU | ||
| 105 | |a y z 100zy | ||
| 135 | |a drgn ---uucaa | ||
| 181 | 0 | |a i | |
| 182 | 0 | |a b | |
| 200 | 1 | |a Анализ процесса довинчивания и нормальных напряжений в резьбовых соединениях буровых штанг при действии крутящего момента и ударных нагрузок |f С. С. Васенин |g науч. рук. Л. А. Саруев | |
| 203 | |a Текст |c электронный | ||
| 225 | 1 | |a Горное дело. Разработка рудных и нерудных полезных ископаемых | |
| 230 | |a 1 компьютерный файл (pdf; 647 Kb) | ||
| 300 | |a Заглавие с экрана | ||
| 320 | |a [Библиогр.: с. 439 (1 назв.)] | ||
| 337 | |a Adobe Reader | ||
| 461 | 1 | |0 (RuTPU)RU\TPU\conf\5590 |t Проблемы геологии и освоения недр |o труды XVIII Международного симпозиума имени академика М. А. Усова студентов и молодых ученых, Томск, 7-11 апреля 2014 г. |o в 2 т. |f Национальный исследовательский Томский политехнический университет (ТПУ), Институт природных ресурсов (ИПР) ; Общество инженеров-нефтяников, международная некоммерческая организация, Студенческий чаптер ; под ред. А. Ю. Дмитриева |d 2014 | |
| 463 | 1 | |0 (RuTPU)RU\TPU\conf\5595 |t Т. 2 |v [С. 437-439] | |
| 610 | 1 | |a труды учёных ТПУ | |
| 610 | 1 | |a электронный ресурс | |
| 610 | 1 | |a довинчивание | |
| 610 | 1 | |a нормальные напряжения | |
| 610 | 1 | |a резьбовые соединения | |
| 610 | 1 | |a буровые штанги | |
| 610 | 1 | |a крутящие моменты | |
| 610 | 1 | |a ударные нагрузки | |
| 700 | 1 | |a Васенин |b С. С. | |
| 702 | 1 | |a Саруев |b Л. А. |c физик |c профессор Томского политехнического университета, доктор технических наук |f 1940- |g Лев Алексеевич |2 stltpush |4 727 | |
| 712 | 0 | 2 | |a Национальный исследовательский Томский политехнический университет (ТПУ) |b Институт физики высоких технологий (ИФВТ) |b Кафедра теоретической и прикладной механики (ТПМ) |h 71 |2 stltpush |3 (RuTPU)RU\TPU\col\18695 |
| 801 | 2 | |a RU |b 63413507 |c 20210916 |g RCR | |
| 856 | 4 | |u http://earchive.tpu.ru/handle/11683/65671 | |
| 856 | 4 | |u http://www.lib.tpu.ru/fulltext/c/2014/C11/V2/196.pdf | |
| 942 | |c BK | ||